000 01710cam a2200409 i 4500
001 22974701
005 20251030114615.0
008 230216s2022 pk bd b 000 0 eng
010 _a 2023318247
020 _a9789694611518
035 _a22974701
037 _bLibrary of Congress -- Islamabad Overseas Office
040 _aDLC
_beng
_erda
_cDLC
042 _alcode
_apcc
043 _aa-pk---
050 0 0 _aHD9502.P272
_bP678 2022
082 _a333.7932
_bBAS
245 0 0 _aPower sector : an enigma with no easy solution
_cedited by, Tahir Basharat Cheema, Nadeem Ul Haque, Afia Malik.
264 1 _aIslamabad :
_bResearch for Social Transformation & Advancement, Pakistan Institute of Development Economics,
_c2022.
300 _axxi, 170 pages :
_bmaps, charts ;
_c25 cm
336 _atext
_btxt
_2rdacontent
337 _aunmediated
_bn
_2rdamedia
338 _avolume
_bnc
_2rdacarrier
500 _a"PIDE Power Commision"--Page 4 of cover.
504 _aIncludes bibliographical references (pages 147-150).
650 0 _aEnergy industries
_zPakistan.
_9131654
650 0 _aEnergy policy
_zPakistan.
_9131655
650 0 _aEnergy development
_zPakistan.
_9131656
700 1 _aCheema, Tahir Basharat,
_eeditor.
_9131657
700 1 _aHaque, Nadeem Ul,
_eeditor.
_9131658
700 1 _aMalik, Afia,
_eeditor.
_9131659
710 2 _aPakistan Institute of Development Economics.
_bResearch for Social Transformation & Advancement,
_epublisher
_9131660
710 2 _aPakistan Institute of Development Economics.
_bPower Commission.
_9131661
906 _a7
_bcbc
_corigode
_d3
_encip
_f20
_gy-gencatlg
942 _2ddc
_cBK
999 _c615270
_d615270